Normal view
MARC view
Entry Personal Name
001 - CONTROL NUMBER
- control field: 60162
003 - CONTROL NUMBER IDENTIFIER
- control field: OSt
005 - DATE AND TIME OF LATEST TRANSACTION
- control field: 20260421163405.0
008 - FIXED-LENGTH DATA ELEMENTS
- fixed length control field: 260421|| aca||aabn | a|a d
040 ## - CATALOGING SOURCE
- Original cataloging agency: OSt
- Transcribing agency: OSt
100 ## - HEADING--PERSONAL NAME
- Personal name: Boahen, Emmanuel Adu
670 ## - SOURCE DATA FOUND
- Source citation: Work cat.: (OSt): Boahen, Emmanuel Adu , The effect of female secondary education on fertility and the timing of birth: Regression discontinuity evidence from Ghana
